[Event "Fort Lauderdale 1000 GM GM 11"]
[Site "Fort Lauderdale"]
[Date "2023.11.02"]
[Round "1"]
[White "Ngo, Bach"]
[Black "Fus, Jakub"]
[Result "1/2-1/2"]
[WhiteElo "2367"]
[BlackElo "2462"]
[PlyCount "53"]
[EventDate "2023.11.02"]
[EventType "tourn"]
[EventRounds "9"]
[EventCountry "USA"]
[EventCategory "8"]
[SourceTitle "CBM 217 Extra"]
[Source "ChessBase"]
[SourceDate "2024.01.31"]
[SourceVersion "1"]
[SourceVersionDate "2024.01.31"]
[SourceQuality "1"]

1. c4 e6 2. Nf3 d5 3. e3 Nf6 4. Nc3 Be7 5. b3 c5 6. Bb2 0-0 7. cxd5 Nxd5 8. Qc2 Nc6 9. a3 Bd7 10. Bd3 h6 11. g4 Nxc3 12. dxc3 e5 13. Rg1 Be6 14. c4 Qc7 15. Be4 Rfd8 16. Bxc6 Qxc6 17. Nxe5 Qc7 18. h3 Bf6 19. f4 b5 20. Ke2 bxc4 21. bxc4 Rab8 22. Rab1 Rb6 23. Bc3 Rxb1 24. Rxb1 Bxe5 25. Bxe5 Qc6 26. Kf2 Bc8 27. Rd1 1/2-1/2

[Event "Titled Tuesday intern op 08th Aug Early"]
[Site "Chess.com INT"]
[Date "2023.08.08"]
[Round "5"]
[White "Fus, Jakub"]
[Black "Goncharov, Vladimir"]
[Result "1/2-1/2"]
[WhiteElo "2458"]
[BlackElo "2077"]
[PlyCount "53"]
[EventDate "2023.08.08"]
[EventType "swiss (blitz)"]
[EventRounds "11"]
[EventCountry "USA"]
[SourceTitle "EXT 2024"]
[Source "ChessBase"]
[SourceDate "2023.10.10"]
[SourceVersion "1"]
[SourceVersionDate "2023.10.10"]
[SourceQuality "1"]

1. e4 e6 2. d4 d5 3. exd5 exd5 4. Nf3 Nc6 5. Bb5 Bd6 6. c4 dxc4 7. d5 a6 8. Ba4 b5 9. dxc6 bxa4 10. 0-0 Ne7 11. Nbd2 Be6 12. Qxa4 Rb8 13. Nxc4 Rb4 14. Nxd6+ Qxd6 15. Qxa6 0-0 16. b3 Bd5 17. Ba3 Bxf3 18. Bxb4 Qg6 19. g3 Qg4 20. Qd3 Ng6 21. Bxf8 Nf4 22. Qxf3 Qxf3 23. gxf4 Qg4+ 24. Kh1 Qf3+ 25. Kg1 Qg4+ 26. Kh1 Qf3+ 27. Kg1 1/2-1/2

[Event "Titled Tuesday intern op 08th Aug Early"]
[Site "Chess.com INT"]
[Date "2023.08.08"]
[Round "4"]
[White "Fus, Jakub"]
[Black "Kazakouski, Valery"]
[Result "0-1"]
[WhiteElo "2458"]
[BlackElo "2558"]
[PlyCount "88"]
[EventDate "2023.08.08"]
[EventType "swiss (blitz)"]
[EventRounds "11"]
[EventCountry "USA"]
[SourceTitle "EXT 2024"]
[Source "ChessBase"]
[SourceDate "2023.10.10"]
[SourceVersion "1"]
[SourceVersionDate "2023.10.10"]
[SourceQuality "1"]

1. Nf3 d5 2. e3 Nf6 3. c4 e6 4. b3 b6 5. Bb2 Bb7 6. Nc3 a6 7. cxd5 exd5 8. Rc1 Bd6 9. Ne2 Nbd7 10. Ng3 g6 11. Be2 Qe7 12. Rc2 h5 13. Qa1 h4 14. Nf1 h3 15. g3 0-0-0 16. d3 Kb8 17. N1d2 Rhe8 18. a4 Ng4 19. Nf1 Bb4+ 20. Bc3 f5 21. Bxb4 Qxb4+ 22. Qc3 Qxc3+ 23. Rxc3 d4 24. Rc2 dxe3 25. fxe3 Nde5 26. Nxe5 Nxe5 27. Rg1 Nxd3+ 28. Bxd3 Rxd3 29. Rb2 Bg2 30. Kf2 Bxf1 31. Rxf1 Rexe3 32. Rc1 Rxb3 33. Rbc2 Re7 34. Rc6 Rb2+ 35. Kf3 Rxh2 36. Rxg6 Ra2 37. Rc4 h2 38. Rh6 Re1 39. Rch4 Rf1+ 40. Ke3 Ra3+ 41. Ke2 h1Q 42. Rxh1 Rxh1 43. Rxh1 Rxg3 44. Rf1 Ra3 0-1